000 00373 a2200169 4500
001 47065
020 _a9788538019039
040 _cAnchieta - Aquarius
100 _aTruffel, J.
240 1 0 _aOgros e gigantes
_lpor
245 1 0 _aOgros e gigantes
300 _a42
362 0 _a2011
440 1 _aCiranda Cultural
650 4 _aLiteratura infanto-juvenil
942 _cBK
999 _c47065
_d47065